Statistics for Countries where homosexual acts are illegal

Click here to take the quiz!

General Stats

  • This quiz has been taken 2,013 times
    (859 since last reset)
  • The average score is 46 of 65

Answers on the Map

Answers color-coded by a green-red scale on the quiz's map according to % correct below.
 

Answer Stats

ContinentCountry% Correct
AsiaIran
94%
AsiaSaudi Arabia
94%
AfricaEgypt
92%
AsiaIraq
92%
AsiaOman
91%
AsiaYemen
91%
AfricaAlgeria
90%
AfricaLibya
89%
AfricaMorocco
89%
AfricaNigeria
89%
AsiaUnited Arab Emirates
89%
AsiaPakistan
88%
AsiaAfghanistan
87%
AfricaChad
87%
AsiaQatar
87%
AfricaSudan
87%
AfricaSomalia
86%
AsiaSyria
86%
AfricaTunisia
86%
AfricaEthiopia
85%
AfricaSouth Sudan
83%
AfricaKenya
80%
AsiaKuwait
80%
AfricaEritrea
79%
AfricaMauritania
78%
AfricaUganda
77%
AfricaSenegal
76%
AfricaTogo
75%
AfricaGhana
74%
AfricaGuinea
74%
AfricaTanzania
74%
AfricaZambia
73%
AfricaZimbabwe
72%
AsiaTurkmenistan
71%
AfricaCameroon
70%
AfricaThe Gambia
70%
AfricaSierra Leone
69%
AsiaUzbekistan
69%
AfricaLiberia
68%
AfricaNamibia
67%
AsiaBangladesh
66%
AfricaMalawi
66%
AfricaBurundi
65%
AsiaMalaysia
65%
AsiaMyanmar
61%
OceaniaPapua New Guinea
61%
AfricaEswatini
60%
AsiaBrunei
59%
AfricaComoros
59%
AfricaMauritius
56%
OceaniaTonga
55%
OceaniaSolomon Islands
53%
OceaniaKiribati
52%
OceaniaSamoa
52%
OceaniaTuvalu
52%
AmericasJamaica
50%
AmericasSaint Lucia
50%
AmericasSaint Kitts and Nevis
49%
AsiaSingapore
49%
AmericasDominica
48%
AmericasSaint Vincent and the Grenadines
48%
AmericasAntigua and Barbuda
47%
AmericasBarbados
47%
AmericasGuyana
46%
AmericasGrenada
45%

Score Distribution

Percentile by Number Answered

Percent of People with Each Score

Your Score History

You have not taken this quiz since the last reset